000 00399nam a2200145Ia 4500
005 20260330112731.0
008 260330s9999||||xx |||||||||||||| ||und||
020 _a9789582003869
041 _aspa
100 _aVarios
245 0 _aJuventud Y Deporte-Ley General De La Juventud, Ley General Del Deporte /
_cVarios
250 _aESTA REPETIDO
650 _aDIVERSIONES,JUEGOS,DEPORTES
942 _cBK
999 _c2807
_d2807